La madre y los jóvenes: (Registro nro. 61427)

Detalles MARC
000 -LEADER
campo de control de longitud fija 00693nam a2200217 i 4500
001 - NÚMERO DE CONTROL
campo de control 61427
003 - IDENTIFICADOR DE NÚMERO DE CONTROL
campo de control ES-MaACL
005 - FECHA Y HORA DE LA ÚLTIMA TRANSACCIÓN
campo de control 20230906164444.0
007 - CAMPO FIJO DE DESCRIPCIÓN FÍSICA--INFORMACIÓN GENERAL
campo de control de longitud fija t|
008 - DATOS DE LONGITUD FIJA--INFORMACIÓN GENERAL
campo de control de longitud fija 031112s1971 sp ||||1| spa d
100 1# - ENTRADA PRINCIPAL--NOMBRE DE PERSONA
Nombre de persona Fabien, Simone.
9 (RLIN) 48518
245 13 - MENCIÓN DEL TÍTULO
Título La madre y los jóvenes:
Resto del título frente a la revolución juvenil /
Mención de responsabilidad, etc. Simone Fabien ; [versión de Juan Ig. Molinos].
260 ## - PUBLICACIÓN, DISTRIBUCIÓN, ETC.
Lugar de publicación, distribución, etc. [Bilbao] :
Nombre del editor, distribuidor, etc. Desclée de Brouwer,
Fecha de publicación, distribución, etc. [1971]
300 ## - DESCRIPCIÓN FÍSICA
Extensión 113 p. ;
Dimensiones 19 cm.
490 1# - MENCIÓN DE SERIE
Mención de serie La mujer en la vida ;
Designación de volumen o secuencia 3
650 00 - PUNTO DE ACCESO ADICIONAL DE MATERIA--TÉRMINO DE MATERIA
Término de materia o nombre geográfico como elemento de entrada Padres e hijos.
9 (RLIN) 15785
700 1# - ENTRADA AGREGADA--NOMBRE PERSONAL
Nombre de persona Molinos, Juan Ignacio.
9 (RLIN) 171434
830 1# - PUNTO DE ACCESO ADICIONAL DE SERIE-TÍTULO UNIFORME
Título uniforme La mujer en la vida ;
Designación de volumen o secuencia 3
9 (RLIN) 182801
852 ## - LOCALIZACIÓN
Ubicación ES-MaACL
Número de control de estantería C-41589
Existencias
Estatus retirado Estado de pérdida Estado de daño No para préstamo Biblioteca de origen Biblioteca actual Ubicación en estantería Fecha de adquisición Fuente de adquisición Total de préstamos Signatura topográfica completa Código de barras Visto por última vez Precio de reemplazo Tipo de ítem Koha
        Biblioteca del Ateneo de Madrid Biblioteca del Ateneo de Madrid Depósito 2 17/01/2008     C-41589 1064410 23/02/2023 23/02/2023 Libro impreso